Elementos de microbiología lactológica

Na minha lista:
Detalhes bibliográficos
Main Authors: Hennberg, W (Author), Demeter, Karl J (Author), Elbertzhagen, H (Author)
Formato: Livro
Idioma:espanhol
Publicado em: Zaragoza Acribia 1971
Assuntos:
Tags: Adicionar Tag
Sem tags, seja o primeiro a adicionar uma tag!

MARC

LEADER 00000nam a2200000 a 4500
001 UCS9485
003 CL-VaPUC
008 971121e19710000SP |||||||||||||||||spa|d
082 0 4 |a 576.163  |b HEN  |2 21 
100 0 |a Hennberg, W  |e author  |9 394578 
700 0 |a Demeter, Karl J  |e author  |9 394579 
700 0 |a Elbertzhagen, H  |e author  |9 394580 
245 1 0 |a Elementos de microbiología lactológica 
300 |a 150 p 
942 |c BK 
945 |d 19971121 00:00:00  |a jquezada 
260 |a Zaragoza  |b Acribia  |c 1971 
650 0 |a Microbiología de los alimentos  |9 325722 
650 0 |a Leche  |9 259848 
650 7 |a SUSTANCIAS NUTRITIVAS  |2 CL-VaPUC  |9 394581 
650 7 |a LEVADURAS  |2 CL-VaPUC  |9 338082 
650 7 |a MOHOS  |2 CL-VaPUC  |9 394582 
650 0 |a Bacterias  |9 298237 
583 |a last modification  |c 19971121 00:00:00  |k Rodrigo Vera 
999 |c 263284  |d 263282